000 00732nam a2200229Ia 4500
003 OSt
005 20220905105305.0
008 210716s2001 xx 000 0 und d
020 _a0072967919
040 _cAIMIT LIBRARY
041 _aeng
082 _a620.00151
_21
_bPALW
100 _aPalm III, William J.
_956528
245 _aIntroduction to matlab 6 for engineers /
_cBy William J Palm III.
250 _a1st ed.
260 _aNew York :
_bMc Graw Hill Higher Education ,
_c2001.
300 _a31p. ;
_c23 cm.
650 _aCreating movies in matlab
_956529
650 _aAnimation with arrays
_956530
650 _aSpecifying initial conditions with transfer functions
_956531
942 _2ddc
_cBK
_e1st
_k620.00151 PALW
999 _c186058
_d186058